000 00434nam a2200181Ia 4500
008 100917s9999 xx 000 0 und d
082 _b47252
100 _aPeter Vansittart
245 _aThe Shadow Land
260 _bMacdonold
_c1967
300 _a128
365 _b0
520 _aबालविभाग
630 _aThe Shadow Land
650 _aबालविभाग
730 _aThe Shadow Land
942 _cBOOK
999 _c652646
_d652643